000 00431 a2200169 4500
001 44326
020 _a8573240598
040 _cAnchieta - Aquarius
100 _aBirch, Berveley
240 1 0 _a/Benjamin Franklin e suas aventuras com a eletricidade
_lpor
245 1 0 _a/Benjamin Franklin e suas aventuras com a eletricidade
300 _a
362 0 _a1994
440 1 _aEko
650 4 _aPessoas em tecnologia
942 _cBK
999 _c44326
_d44326